Saved By The Bell Teachers - Statistics

General Stats
  • This quiz has been taken 25 times
  • The average score is 2 of 8
Answer Stats
Hint Answer % Correct
Mister Tuttle
80%
Mister Dewey
50%
Mrs. Simpson
45%
Miss Wentworth
20%
Coach Sonski
15%
Doctor Mertz
10%
Mrs. Culpepper
5%
Mister Dickerson
5%
No matching quizzes found
Score Distribution
Percent of People with Each Score
Percentile by Number Answered
Your Score History
You have not taken this quiz